Dni európskeho kultúrneho dedičstva 2003 v Martine

Bibliographic Details
Main Author: Kunovská, Vlasta (Author)
Format: Article
Language:Slovak
PhysicalDescription:Fotogr.
ISSN:0027-5263
Subjects:

MARC

LEADER 00000nab a2200000 a 4500
001 vtls000865101
003 SK-MaSNL
005 20260304113049.0
008 250429c2003 xo 0 slo
015 |a SNBRB2004/03-07521 
035 |a CLN000216653 
035 |a urn:nbn:sk:snk-ab2qjb 
035 |a (urnnbn)urn:nbn:sk:snk:ar-a02rll 
035 |a (uuid)41beed5e-13b4-45df-8f06-ac2fcfd4b0e7 
040 |a SNKBUCL  |b slo  |c SNKBUCL  |e AACR2 
041 0 |a slo 
044 |a xo  |c SK 
080 |a 904(4):719  |2 1997 
080 |a 008(4):719  |2 1997 
080 |a 719(437.6)  |2 1997 
100 1 |a Kunovská, Vlasta  |4 aut  |9 6018 
245 1 0 |a Dni európskeho kultúrneho dedičstva 2003 v Martine  |c Vlasta Kunovská 
300 |b Fotogr. 
611 1 7 |a Dni Európskeho kultúrneho dedičstva  |d 2003  |c Martin, Slovensko  |2 snkbucl  |9 1415804 
655 7 |a články z novín a časopisov  |2 snkbucl  |9 267496 
773 0 |t Múzeum  |g Roč. 49, č. 4 (2003), s. 30-31  |x 0027-5263 
850 |a Slovenská národná knižnica 
852 |a Slovenská národná knižnica 
954 |a odborná, vedecká literatúra pôvodná (slovenská)  |2 lita 
958 |a article27 
958 |a OND 
958 |a EUIPO 
992 |a RBX 
999 |c 2868049  |d 2869979